| 000 | 00495nam a2200181Ia 4500 | ||
|---|---|---|---|
| 008 | 240729s9999 xx 000 0 und d | ||
| 022 | _a2191-026X | ||
| 245 | 0 | _aJournal of Intelligent Systems | |
| 260 | _aPoland | ||
| 260 | _bDe Gruyter | ||
| 650 | _a Electronic computers. Computer science | ||
| 650 | _a Instruments and machines | ||
| 650 | _a Mathematics | ||
| 650 | _aScience | ||
| 856 | _uhttps://doaj.org/toc/5c6521d1a35645738eae9a75d69ad1ed | ||
| 942 | _2ddc | ||
| 942 | _cDOAJEJ | ||
| 999 |
_c73908 _d73908 |
||
| 945 |
_a1 _bMadushi Gamage _c1 _dMadushi Gamage |
||